00577 2200205 4500001002100000005001500021035002000036007000300056008004100059020001500100082001200115084001800127100003700145245007400182250001100256260003200267300003900299600002400338990000900362INLIS00000000000764020210324095319 a0010-0321001010ta210324 g 0 ind  a9793762225 a297.431 a297.431 NAS a0 aNasrul Umam Syafi'i & Ufi Ulfiah1 aAda Apa dengan Nikah Beda Agama ? /cNasrul Umam Syafi'i & Ufi Ulfiah aCet. 1 aDepok :bQultumMedia,c2009 axxii, 230 hlm :b. ;c11,5 x 19 cm 4aPERKAWINAN CAMPURAN a24 A